[Event "chess.com Junior Speed Q"]
[Site "chess.com INT"]
[Date "2020.09.09"]
[Round "1.1"]
[White "Tang, Andrew"]
[Black "Bjerre, Jonas Buhl"]
[Result "1/2-1/2"]
[WhiteTitle "GM"]
[BlackTitle "GM"]
[WhiteElo "2538"]
[BlackElo "2553"]
[WhiteFideId "2059630"]
[BlackFideId "1444948"]
[EventDate "2020.09.09"]

1. d4 Nf6 2. c4 e6 3. Nc3 Bb4 4. Qc2 O-O 5. Nf3 d6 6. g3 e5 7. Bg2 Bxc3+ 8. Qxc3
e4 9. Ng5 d5 10. O-O Bg4 11. cxd5 Bxe2 12. Re1 Bd3 13. Qb3 Qxd5 14. Qxd5 Nxd5
15. Nxe4 Nd7 16. Nc5 Nxc5 17. Bxd5 c6 18. Bxc6 bxc6 19. dxc5 Rfe8 20. Bf4 f6 21.
f3 Kf7 22. Red1 Bc4 23. Rd2 Rad8 24. Bd6 Bd5 25. Kf2 Rd7 26. b4 Rb7 27. Rb1 Bc4
28. a4 a6 29. Rbb2 Rc8 30. Rd4 Be6 31. Re2 Bb3 32. b5 axb5 33. axb5 cxb5 34. Rb2
Be6 35. g4 Bd7 36. Re2 Bc6 37. Rb4 Re8 38. Rd2 Rc8 39. h4 Re8 40. g5 Ra8 41.
gxf6 gxf6 42. Rf4 Ra4 43. Kg3 Rxf4 44. Bxf4 b4 45. Rb2 b3 46. Be3 Ke6 47. Bd4 1/2-1/2

[Event "chess.com Junior Speed Q"]
[Site "chess.com INT"]
[Date "2020.09.09"]
[Round "1.2"]
[White "Bjerre, Jonas Buhl"]
[Black "Tang, Andrew"]
[Result "1/2-1/2"]
[WhiteTitle "GM"]
[BlackTitle "GM"]
[WhiteElo "2553"]
[BlackElo "2538"]
[WhiteFideId "1444948"]
[BlackFideId "2059630"]
[EventDate "2020.09.09"]

1. d4 d5 2. c4 e6 3. Nf3 Nf6 4. g3 dxc4 5. Bg2 Nc6 6. Qa4 Bd7 7. Qxc4 Na5 8. Qc3
Nd5 9. Qd3 c5 10. O-O Rc8 11. Nc3 Bc6 12. Ne5 Nb4 13. Nxc6 Naxc6 14. Qb5 cxd4
15. Na4 Qd7 16. a3 Nd5 17. Bxd5 exd5 18. Bf4 Be7 19. Rac1 O-O 20. Nc5 Bxc5 21.
Rxc5 Rfd8 22. Rfc1 h6 23. h4 Qe7 24. Qd3 Re8 25. R5c2 Rcd8 26. b4 Qe4 27. Rd1 a6
28. Bc7 Rd7 29. Bb6 Rde7 30. Qxe4 Rxe4 31. Kf1 f5 32. Rcd2 f4 33. g4 f3 34. exf3
Rf4 35. Kg2 h5 36. Bxd4 hxg4 37. Be3 gxf3+ 38. Kg3 Rf6 39. Rxd5 Ne5 40. Rd8 Rff8
41. Rxe8 Rxe8 42. Bf4 Nc4 43. Rd3 Rf8 44. Rd7 b5 45. Ra7 Rf6 46. Bg5 Re6 47.
Kxf3 Nxa3 48. Ra8+ Kh7 49. Kf4 Nc2 50. Kf5 Nd4+ 51. Kg4 Nc6 52. Bd2 Ne5+ 53. Kf5
Rd6 54. Kxe5 Rxd2 55. Rxa6 Rxf2 56. Rb6 Re2+ 57. Kf4 Rh2 58. Kg3 Rb2 59. Rxb5
Kh6 60. Rb6+ Kh5 61. b5 g5 62. hxg5 Kxg5 63. Kf3 Kf5 64. Rb8 Ke6 65. Ke3 Kd6 66.
b6 Kc6 67. b7 Rxb7 68. Rxb7 Kxb7 1/2-1/2

[Event "chess.com Junior Speed Q"]
[Site "chess.com INT"]
[Date "2020.09.09"]
[Round "1.3"]
[White "Tang, Andrew"]
[Black "Bjerre, Jonas Buhl"]
[Result "1/2-1/2"]
[WhiteTitle "GM"]
[BlackTitle "GM"]
[WhiteElo "2538"]
[BlackElo "2553"]
[WhiteFideId "2059630"]
[BlackFideId "1444948"]
[EventDate "2020.09.09"]

1. d4 Nf6 2. Bf4 d5 3. e3 e6 4. Nf3 Bd6 5. Nbd2 O-O 6. Bd3 b6 7. Qe2 c5 8. c3
Bxf4 9. exf4 a5 10. O-O Ba6 11. Rfe1 Bxd3 12. Qxd3 Nc6 13. f5 exf5 14. Qxf5 Qd7
15. Qf4 Rfe8 16. dxc5 bxc5 17. Nb3 Ne4 18. Rad1 a4 19. Nc1 Rad8 20. c4 Nf6 21.
Rxe8+ Qxe8 22. cxd5 Nd4 23. Nxd4 Rxd5 24. g3 h5 25. h3 cxd4 26. Nd3 Qe6 27. Kg2
Rd8 28. Qf3 Qxa2 29. Rc1 Qb3 30. Ra1 Rb8 31. Ra3 Qd5 32. Qxd5 Nxd5 33. Rxa4 Rb3
34. Rxd4 Nc7 35. Rd8+ Kh7 36. Rd7 Ne6 37. h4 f6 38. Rd6 Kg6 39. Rxe6 Rxd3 40. b4
Rb3 41. Re4 Kf5 42. Rc4 g5 43. Rc5+ Kg6 44. hxg5 fxg5 45. b5 h4 46. gxh4 gxh4
47. f4 Kf6 48. Rh5 Rb4 49. Kf3 h3 50. Kg3 Rb3+ 51. Kg4 h2 52. Rh6+ Kg7 53. Rxh2
Rxb5 54. Rc2 Ra5 55. Rc7+ Kf6 56. Rc6+ Kf7 57. Rb6 Kg7 58. Re6 Kf7 59. Rh6 Kg7
60. Rh2 Kf7 61. Rh4 Kg7 62. Rh3 Kf7 63. Rb3 Rc5 64. f5 Rc1 65. Kf4 Rf1+ 66. Rf3
Rxf3+ 67. Kxf3 Kf6 1/2-1/2

[Event "chess.com Junior Speed Q"]
[Site "chess.com INT"]
[Date "2020.09.09"]
[Round "1.4"]
[White "Bjerre, Jonas Buhl"]
[Black "Tang, Andrew"]
[Result "0-1"]
[WhiteTitle "GM"]
[BlackTitle "GM"]
[WhiteElo "2553"]
[BlackElo "2538"]
[WhiteFideId "1444948"]
[BlackFideId "2059630"]
[EventDate "2020.09.09"]

1. d4 d5 2. c4 e6 3. Nf3 Nf6 4. g3 dxc4 5. Bg2 Nc6 6. Qa4 Bd6 7. Qxc4 O-O 8. Bf4
Qe7 9. O-O e5 10. dxe5 Nxe5 11. Nxe5 Bxe5 12. Nc3 c6 13. Bxe5 Qxe5 14. Rad1 Be6
15. Qb4 Qc7 16. e4 a5 17. Qc5 Nd7 18. Qe3 Qb6 19. Qc1 Rad8 20. Kh1 Ne5 21. Qc2
Bc4 22. Rxd8 Rxd8 23. Rd1 Bd3 24. Qd2 Nc4 25. Na4 Qd4 26. Qc3 b5 27. Qxd4 Rxd4
28. Nc5 Nxb2 29. Rd2 g6 30. Rxb2 Bc4 31. h3 Rd1+ 32. Kh2 Kf8 33. Bf3 Ra1 34. Nb3
Re1 35. Rd2 a4 36. Nd4 c5 37. Nc2 Rc1 38. Na3 Bxa2 39. Rxa2 b4 40. Nb5 b3 41.
Rd2 c4 42. Be2 c3 43. Rd8+ Kg7 44. Nxc3 Rxc3 45. Ra8 b2 46. Rb8 a3 47. Kg2 a2 0-1

[Event "chess.com Junior Speed Q"]
[Site "chess.com INT"]
[Date "2020.09.09"]
[Round "1.5"]
[White "Tang, Andrew"]
[Black "Bjerre, Jonas Buhl"]
[Result "0-1"]
[WhiteTitle "GM"]
[BlackTitle "GM"]
[WhiteElo "2538"]
[BlackElo "2553"]
[WhiteFideId "2059630"]
[BlackFideId "1444948"]
[EventDate "2020.09.09"]

1. d4 Nf6 2. Bf4 d5 3. e3 e6 4. Nf3 Bd6 5. Nbd2 O-O 6. Ne5 b6 7. h4 c5 8. c3 Qc7
9. Ndf3 Ne4 10. Be2 Ba6 11. Bxa6 Nxa6 12. Qe2 c4 13. Ng5 b5 14. Qh5 Nf6 15. Qf3
b4 16. Qg3 Nh5 17. Qf3 Nxf4 18. exf4 bxc3 19. Qh5 h6 20. bxc3 Qa5 21. Rc1 Bxe5
22. fxe5 Rab8 23. Nf3 Qa3 24. O-O Rb2 0-1

[Event "chess.com Junior Speed Q"]
[Site "chess.com INT"]
[Date "2020.09.09"]
[Round "1.6"]
[White "Bjerre, Jonas Buhl"]
[Black "Tang, Andrew"]
[Result "1-0"]
[WhiteTitle "GM"]
[BlackTitle "GM"]
[WhiteElo "2553"]
[BlackElo "2538"]
[WhiteFideId "1444948"]
[BlackFideId "2059630"]
[EventDate "2020.09.09"]

1. e4 e5 2. Nf3 Nc6 3. Bb5 g6 4. c3 a6 5. Ba4 Bg7 6. d4 exd4 7. cxd4 b5 8. Bc2
d6 9. d5 Na5 10. O-O Nc4 11. Nc3 Ne7 12. Qe2 O-O 13. a4 Bd7 14. Bd3 Rb8 15. Bxc4
bxc4 16. Qxc4 a5 17. Nb5 c6 18. dxc6 Nxc6 19. Bf4 Bxb2 20. Rad1 Be5 21. Nxe5
Nxe5 22. Bxe5 dxe5 23. Qc5 Qc8 24. Qxe5 Bxb5 25. axb5 Qc4 26. Rb1 Rfe8 27. Qa1
Rxb5 28. Rxb5 Qxb5 29. Rb1 Qa6 30. Qa4 Rc8 31. h4 h5 32. e5 Rc4 33. Qe8+ Kg7 34.
Rb8 g5 35. Qg8+ Kh6 36. hxg5# 1-0

[Event "chess.com Junior Speed Q"]
[Site "chess.com INT"]
[Date "2020.09.09"]
[Round "1.7"]
[White "Tang, Andrew"]
[Black "Bjerre, Jonas Buhl"]
[Result "1-0"]
[WhiteTitle "GM"]
[BlackTitle "GM"]
[WhiteElo "2538"]
[BlackElo "2553"]
[WhiteFideId "2059630"]
[BlackFideId "1444948"]
[EventDate "2020.09.09"]

1. d4 Nf6 2. Bf4 d5 3. e3 e6 4. Nf3 Bd6 5. Bxd6 Qxd6 6. c4 O-O 7. Nc3 dxc4 8.
Bxc4 b6 9. O-O Bb7 10. Qe2 Rd8 11. Rac1 Qe7 12. Rfd1 Nbd7 13. a3 c5 14. h3 Rac8
15. dxc5 Nxc5 16. Nd4 Nfe4 17. Nxe4 Nxe4 18. Ba6 Nc5 19. Bxb7 Qxb7 20. b4 Na4
21. Nc6 Rxd1+ 22. Qxd1 Nb2 23. Qc2 Kf8 24. b5 a6 25. Qxh7 f6 26. Qh8+ Kf7 27.
Qh5+ Kf8 28. Qe2 Na4 29. bxa6 Qd7 30. Qb5 Nc5 31. Nd4 Qa7 32. Nxe6+ Kf7 33. Nxc5
bxc5 34. Qc4+ Ke7 35. Rb1 Rc7 36. Qg8 Kd6 37. Rd1+ Kc6 38. Qd5+ Kb6 39. Rb1+
Kxa6 40. Qc4+ Ka5 41. Qb5# 1-0

[Event "chess.com Junior Speed Q"]
[Site "chess.com INT"]
[Date "2020.09.09"]
[Round "1.8"]
[White "Bjerre, Jonas Buhl"]
[Black "Tang, Andrew"]
[Result "0-1"]
[WhiteTitle "GM"]
[BlackTitle "GM"]
[WhiteElo "2553"]
[BlackElo "2538"]
[WhiteFideId "1444948"]
[BlackFideId "2059630"]
[EventDate "2020.09.09"]

1. d4 d5 2. c4 e6 3. Nf3 Nf6 4. g3 dxc4 5. Bg2 Nc6 6. Qa4 Bd7 7. Qxc4 Na5 8. Qc3
c5 9. Bd2 b6 10. dxc5 Bxc5 11. b4 Bxf2+ 12. Kf1 Nb7 13. Ne5 Rc8 14. Qd3 Nc5 15.
bxc5 Bxc5 16. Nxd7 Nxd7 17. Nc3 Qf6+ 18. Bf3 Ne5 19. Qb5+ Ke7 20. Ne4 Qf5 21.
Kg2 Rhd8 22. Rhd1 Nc6 23. Nxc5 Nd4 24. Qd3 Qxc5 25. Qxh7 Nf5 26. Bg5+ f6 27. Bf4
Qc2 28. Rxd8 Rxd8 29. Bg4 Ne3+ 30. Bxe3 Qxh7 31. Rc1 Qe4+ 0-1

[Event "chess.com Junior Speed Q"]
[Site "chess.com INT"]
[Date "2020.09.09"]
[Round "1.9"]
[White "Tang, Andrew"]
[Black "Bjerre, Jonas Buhl"]
[Result "0-1"]
[WhiteTitle "GM"]
[BlackTitle "GM"]
[WhiteElo "2538"]
[BlackElo "2553"]
[WhiteFideId "2059630"]
[BlackFideId "1444948"]
[EventDate "2020.09.09"]

1. d4 Nf6 2. c4 e6 3. Nc3 Bb4 4. Qc2 O-O 5. Nf3 d6 6. g3 e5 7. Bg2 Bxc3+ 8. Qxc3
e4 9. Ng5 d5 10. O-O c6 11. b3 Bg4 12. f3 exf3 13. exf3 Bf5 14. Nh3 Nbd7 15. Ba3
Re8 16. Rfe1 Nf8 17. g4 Bg6 18. Nf2 Ne6 19. Rad1 Nf4 20. h4 Ne2+ 21. Rxe2 Rxe2
22. h5 Bc2 23. Rd2 Re1+ 24. Kh2 Qc7+ 25. Kh3 Bf5 26. gxf5 Nxh5 27. f4 Nxf4+ 28.
Kh2 Ne2+ 0-1

[Event "chess.com Junior Speed Q"]
[Site "chess.com INT"]
[Date "2020.09.09"]
[Round "1.10"]
[White "Bjerre, Jonas Buhl"]
[Black "Tang, Andrew"]
[Result "0-1"]
[WhiteTitle "GM"]
[BlackTitle "GM"]
[WhiteElo "2553"]
[BlackElo "2538"]
[WhiteFideId "1444948"]
[BlackFideId "2059630"]
[EventDate "2020.09.09"]

1. e4 e5 2. Nf3 Nc6 3. Bb5 a6 4. Ba4 Nf6 5. O-O Be7 6. Re1 b5 7. Bb3 d6 8. c3
O-O 9. h3 Bb7 10. d4 Re8 11. Nbd2 Bf8 12. a4 h6 13. d5 Nb8 14. c4 bxc4 15. Nxc4
c6 16. dxc6 Bxc6 17. Bc2 Qc7 18. b3 Nbd7 19. Ba3 Nc5 20. Nfd2 Ne6 21. Rc1 Rad8
22. Ne3 Qd7 23. Bd3 Bb7 24. Bc4 Nxe4 25. Nxe4 Bxe4 26. Nd5 Ng5 27. h4 Bxg2 28.
hxg5 Qh3 29. f4 Bf3 30. Qd2 exf4 31. Qh2 Qg4+ 32. Kf2 Bxd5 33. Bxd5 Qxg5 34. Bf3
Qf6 35. Rc2 d5 36. Bxf8 Rxe1 37. Kxe1 Kxf8 38. Kd1 d4 39. Qd2 d3 40. Rc4 Qa1+
41. Rc1 Qd4 42. Rc4 Qg1+ 43. Qe1 Qh2 44. Qd2 Qg3 45. Rxf4 g5 46. Rf5 Re8 47. Bd5
Re7 48. Kc1 Qg1+ 49. Qd1 Qc5+ 50. Kb2 Re2+ 51. Kb1 Qc3 52. Rxf7+ Ke8 0-1

[Event "chess.com Junior Speed Q"]
[Site "chess.com INT"]
[Date "2020.09.09"]
[Round "1.11"]
[White "Tang, Andrew"]
[Black "Bjerre, Jonas Buhl"]
[Result "1-0"]
[WhiteTitle "GM"]
[BlackTitle "GM"]
[WhiteElo "2538"]
[BlackElo "2553"]
[WhiteFideId "2059630"]
[BlackFideId "1444948"]
[EventDate "2020.09.09"]

1. d4 Nf6 2. Bf4 e6 3. e3 d5 4. Nf3 Bd6 5. Bxd6 Qxd6 6. c4 O-O 7. Nc3 dxc4 8.
Bxc4 b6 9. O-O Bb7 10. Rc1 Rd8 11. Qe2 a6 12. a3 Nbd7 13. e4 Qe7 14. e5 Nd5 15.
Nxd5 exd5 16. Bd3 c5 17. Rfe1 Rac8 18. Bxa6 Nf8 19. Qb5 Bxa6 20. Qxa6 Rb8 21.
dxc5 bxc5 22. Rc2 Ne6 23. Qd3 c4 24. Qe3 d4 25. Qe4 Rbc8 26. Rec1 d3 27. Rxc4
Rxc4 28. Qxc4 Qb7 29. b4 Qa7 30. Qb3 Nf4 31. Rd1 Ne2+ 32. Kf1 Nf4 33. Ne1 Qa8
34. f3 Qa6 35. b5 Qb6 36. a4 Qe3 37. b6 Ne2 38. Nxd3 Nd4 39. Qb2 Nf5 40. Qd2
Qxb6 41. Ke2 Qc6 42. Qb2 Nd4+ 43. Ke1 Nf5 44. a5 Qa8 45. Qc3 Qa7 46. Kd2 Qe3+
47. Kc2 Nd4+ 48. Kb2 Ne2 49. Qc5 Rb8+ 50. Ka2 Qg5 51. a6 Qd8 52. a7 Ra8 53. Nb2
Qe8 54. Rd6 Nf4 55. Ra6 Ne6 56. Qd5 Qc8 57. Qa5 Nc7 58. Rc6 Qb7 59. Rxc7 1-0

[Event "chess.com Junior Speed Q"]
[Site "chess.com INT"]
[Date "2020.09.09"]
[Round "1.12"]
[White "Bjerre, Jonas Buhl"]
[Black "Tang, Andrew"]
[Result "1-0"]
[WhiteTitle "GM"]
[BlackTitle "GM"]
[WhiteElo "2553"]
[BlackElo "2538"]
[WhiteFideId "1444948"]
[BlackFideId "2059630"]
[EventDate "2020.09.09"]

1. d4 d5 2. c4 e6 3. Nf3 Nf6 4. g3 Be7 5. Bg2 O-O 6. Nc3 dxc4 7. Ne5 Qd6 8. O-O
Qa6 9. a4 c6 10. e4 b5 11. d5 b4 12. Ne2 cxd5 13. exd5 exd5 14. Bg5 Bb7 15. Nf4
h6 16. Bxf6 Bxf6 17. Re1 Rd8 18. Qg4 Nc6 19. Nd7 Bxb2 20. Rad1 Bc3 21. Bxd5 Ne5
22. Nxe5 Bxd5 23. Nxd5 Bxe1 24. Ne7+ Kf8 25. Rxe1 c3 26. Nf5 Qf6 27. Nc4 c2 28.
Nce3 Rac8 29. Qxb4+ Kg8 30. Ne7+ Kh8 31. Nxc8 Rxc8 32. Rc1 Qg6 33. Qd2 Qe4 34.
Rxc2 Rb8 35. Rc4 Rb1+ 36. Rc1 Rb8 37. Ra1 h5 38. Qd5 Qg6 39. Rc1 h4 40. Qf3 Rb4
41. Rc8+ Kh7 42. Qf5 Qxf5 43. Nxf5 hxg3 44. hxg3 Rxa4 45. Rc7 Kg6 46. Ne7+ Kf6
47. Nd5+ Ke5 48. Ne3 Ke6 49. Kg2 g6 50. Kf3 Ra2 51. Ng2 g5 52. Ne3 a5 53. Rc6+
Ke5 54. Ra6 f5 55. Rxa5+ Rxa5 56. Nc4+ Kd4 57. Nxa5 Kd5 58. Nb3 1-0

[Event "chess.com Junior Speed Q"]
[Site "chess.com INT"]
[Date "2020.09.09"]
[Round "1.13"]
[White "Tang, Andrew"]
[Black "Bjerre, Jonas Buhl"]
[Result "1-0"]
[WhiteTitle "GM"]
[BlackTitle "GM"]
[WhiteElo "2538"]
[BlackElo "2553"]
[WhiteFideId "2059630"]
[BlackFideId "1444948"]
[EventDate "2020.09.09"]

1. d4 Nf6 2. Bf4 d5 3. e3 e6 4. Nf3 Bd6 5. Bxd6 Qxd6 6. c4 O-O 7. Nc3 b6 8. Rc1
a6 9. cxd5 exd5 10. Bd3 Re8 11. Ne5 Nbd7 12. f4 Bb7 13. O-O c5 14. Rf3 Ne4 15.
Rh3 f6 16. Nxe4 dxe4 17. Bc4+ Re6 18. Nxd7 Qxd7 19. dxc5 Qe7 20. f5 1-0

[Event "chess.com Junior Speed Q"]
[Site "chess.com INT"]
[Date "2020.09.09"]
[Round "1.14"]
[White "Bjerre, Jonas Buhl"]
[Black "Tang, Andrew"]
[Result "0-1"]
[WhiteTitle "GM"]
[BlackTitle "GM"]
[WhiteElo "2553"]
[BlackElo "2538"]
[WhiteFideId "1444948"]
[BlackFideId "2059630"]
[EventDate "2020.09.09"]

1. d4 d5 2. c4 e6 3. Nf3 Nf6 4. g3 Be7 5. Bg2 O-O 6. O-O c6 7. Nc3 Nbd7 8. Qd3
b6 9. e4 Ba6 10. b3 Rc8 11. e5 Ne8 12. a4 Nc7 13. Rd1 c5 14. Nb5 cxd4 15. Nfxd4
Nxe5 16. Qe2 Bf6 17. Bf4 Nd7 18. Nc6 Nxb5 19. axb5 Rxc6 20. bxc6 Nc5 21. Rab1
Qc8 22. c7 e5 23. Bxe5 Re8 24. f4 dxc4 25. bxc4 Bxe5 26. fxe5 Qxc7 27. Re1 Nd7
28. Rbc1 Rxe5 29. Qa2 Bxc4 30. Rxe5 Nxe5 31. Qd2 Qc5+ 32. Kh1 g6 33. Qd8+ Kg7
34. Qa8 a5 35. Rb1 Nd3 36. h3 h5 37. Qa7 Nb4 38. Re1 Bd5 39. Kh2 Qc2 40. Rg1 Qf2
41. Qe7 Bxg2 42. Rxg2 Qd4 43. Qb7 Nd3 44. Re2 a4 45. Re4 Qb2+ 46. Kg1 a3 47. Re7
Qf2+ 48. Kh1 a2 49. Qa6 Qf1+ 0-1

[Event "chess.com Junior Speed Q"]
[Site "chess.com INT"]
[Date "2020.09.09"]
[Round "1.1"]
[White "Shevchenko, Kirill"]
[Black "Albornoz Cabrera, Carlos Daniel"]
[Result "1-0"]
[WhiteTitle "GM"]
[BlackTitle "GM"]
[WhiteElo "2592"]
[BlackElo "2573"]
[WhiteFideId "14129574"]
[BlackFideId "3518736"]
[EventDate "2020.09.09"]

1. e4 c5 2. c3 Nf6 3. e5 Nd5 4. Bc4 Nb6 5. Bb3 d5 6. d4 cxd4 7. cxd4 Nc6 8. Bc2
g6 9. h4 h5 10. Nc3 Bg7 11. Nge2 Be6 12. Nf4 Qd7 13. Nxe6 Qxe6 14. Be3 Qd7 15.
Qf3 e6 16. Rd1 Nc8 17. Bg5 N8e7 18. Nb5 Nc8 19. O-O a6 20. Nc3 O-O 21. Ne2 N8e7
22. Nf4 Rac8 23. Bb1 Qc7 24. g4 hxg4 25. Qxg4 Nf5 26. Bxf5 exf5 27. Qg2 Qb6 28.
Nxd5 Qxb2 29. h5 Rfe8 30. h6 Bf8 31. Nf6+ Kh8 32. Nxe8 Rxe8 33. Bf6+ Kh7 34. Rb1
Qxa2 35. Rxb7 Nxd4 36. Rd1 Ne2+ 37. Kh1 Qa4 38. Rxf7+ Kg8 39. Qxg6+ 1-0

[Event "chess.com Junior Speed Q"]
[Site "chess.com INT"]
[Date "2020.09.09"]
[Round "1.2"]
[White "Albornoz Cabrera, Carlos Daniel"]
[Black "Shevchenko, Kirill"]
[Result "1/2-1/2"]
[WhiteTitle "GM"]
[BlackTitle "GM"]
[WhiteElo "2573"]
[BlackElo "2592"]
[WhiteFideId "3518736"]
[BlackFideId "14129574"]
[EventDate "2020.09.09"]

1. Nf3 Nf6 2. c4 g6 3. Nc3 Bg7 4. e4 d6 5. d4 O-O 6. Be2 e5 7. O-O Nc6 8. d5 Ne7
9. b4 Nh5 10. Re1 f5 11. Ng5 Nf6 12. Bf3 Kh8 13. b5 Rb8 14. Qb3 fxe4 15. Ncxe4
Nf5 16. Bb2 Qe7 17. Nxf6 Bxf6 18. Ne4 Bg7 19. Qa3 a6 20. bxa6 bxa6 21. Bc3 Qh4
22. g3 Qd8 23. Bg2 Nd4 24. Bxd4 exd4 25. c5 Bf5 26. cxd6 Bxe4 27. dxc7 Qxc7 28.
Bxe4 d3 29. Rad1 Qc2 30. Rf1 Rxf2 31. Qxd3 Rxf1+ 32. Rxf1 Qxa2 33. d6 Rd8 34. d7
Qe6 35. Rd1 Bf6 36. Bg2 Kg7 37. h3 a5 38. Kh2 a4 39. Qa3 Rxd7 40. Qxa4 Rxd1 41.
Qxd1 Be5 42. Qf3 Qf6 43. Qxf6+ Kxf6 44. Bf3 Kf5 45. Kg2 h5 46. Be2 Kf6 47. Bf3
Bd6 48. Be2 Be5 49. Bf3 Bd6 50. Be2 Be5 1/2-1/2

[Event "chess.com Junior Speed Q"]
[Site "chess.com INT"]
[Date "2020.09.09"]
[Round "1.3"]
[White "Shevchenko, Kirill"]
[Black "Albornoz Cabrera, Carlos Daniel"]
[Result "1-0"]
[WhiteTitle "GM"]
[BlackTitle "GM"]
[WhiteElo "2592"]
[BlackElo "2573"]
[WhiteFideId "14129574"]
[BlackFideId "3518736"]
[EventDate "2020.09.09"]

1. e4 c5 2. c3 Nf6 3. e5 Nd5 4. Bc4 Nb6 5. Bb3 d6 6. exd6 Qxd6 7. Na3 a6 8. Ne2
Nc6 9. O-O e6 10. d4 cxd4 11. cxd4 Be7 12. Bf4 Qd8 13. Rc1 O-O 14. Nc4 Nxc4 15.
Bxc4 Nb4 16. Nc3 b5 17. Bb3 Bb7 18. Be5 Rc8 19. Qg4 Bf6 20. Rcd1 Nc6 21. Ne4
Bxe5 22. dxe5 Qb6 23. Nf6+ Kh8 24. Nd7 Qc7 25. Nxf8 Rxf8 26. Rfe1 Nxe5 27. Qg3
f6 28. Bxe6 Qb6 29. Bd5 Bc8 30. h3 h6 31. Qe3 Qa5 32. Qa3 Qd8 33. Be6 Qe8 34.
Bxc8 Qxc8 35. Rc1 Qb8 36. Red1 Re8 37. Qxa6 Ng6 38. Qc6 Rf8 39. Qd6 Qa8 40. Qd5
Qb8 41. Re1 Nf4 42. Qf3 Rd8 43. Rcd1 Ng6 44. Rxd8+ Qxd8 45. Qe4 Ne5 46. f4 Qb6+
47. Qe3 1-0

[Event "chess.com Junior Speed Q"]
[Site "chess.com INT"]
[Date "2020.09.09"]
[Round "1.4"]
[White "Albornoz Cabrera, Carlos Daniel"]
[Black "Shevchenko, Kirill"]
[Result "0-1"]
[WhiteTitle "GM"]
[BlackTitle "GM"]
[WhiteElo "2573"]
[BlackElo "2592"]
[WhiteFideId "3518736"]
[BlackFideId "14129574"]
[EventDate "2020.09.09"]

1. Nf3 Nf6 2. c4 g6 3. Nc3 Bg7 4. e4 d6 5. d4 O-O 6. Be2 e5 7. O-O Nc6 8. d5 Ne7
9. b4 a5 10. Ba3 axb4 11. Bxb4 b6 12. a4 Ne8 13. Nd2 f5 14. Nb3 Nf6 15. Bd3 Rb8
16. Bc2 Ba6 17. Nd2 c5 18. dxc6 Nxc6 19. Ba3 Nd4 20. Bd3 Nd7 21. Nb5 Nc5 22. Bc2
Qg5 23. Kh1 Bh6 24. f4 Qf6 25. exf5 Nxf5 26. Bxf5 Qxf5 27. Nxd6 Qd3 28. Bxc5
bxc5 29. N2e4 Bxc4 30. Nxc4 Qxe4 31. Nd6 Qd4 32. fxe5 Qxe5 33. Rxf8+ Rxf8 34.
Nc4 Qe4 35. Qb3 Kh8 36. Rg1 Bf4 37. Nb6 Be5 38. Qc4 Bd4 39. Re1 Qxe1+ 0-1

[Event "chess.com Junior Speed Q"]
[Site "chess.com INT"]
[Date "2020.09.09"]
[Round "1.5"]
[White "Shevchenko, Kirill"]
[Black "Albornoz Cabrera, Carlos Daniel"]
[Result "1-0"]
[WhiteTitle "GM"]
[BlackTitle "GM"]
[WhiteElo "2592"]
[BlackElo "2573"]
[WhiteFideId "14129574"]
[BlackFideId "3518736"]
[EventDate "2020.09.09"]

1. e4 c5 2. c3 Nf6 3. e5 Nd5 4. Bc4 e6 5. d4 Nc6 6. Nf3 Nb6 7. Bd3 cxd4 8. cxd4
d6 9. O-O Be7 10. Nc3 O-O 11. Qe2 Nd5 12. Rd1 Nxc3 13. bxc3 dxe5 14. dxe5 Qa5
15. Qe4 g6 16. Bh6 Rd8 17. Rac1 Bd7 18. h4 Be8 19. h5 Rd5 20. c4 Rd7 21. Bb1 1-0

[Event "chess.com Junior Speed Q"]
[Site "chess.com INT"]
[Date "2020.09.09"]
[Round "1.6"]
[White "Albornoz Cabrera, Carlos Daniel"]
[Black "Shevchenko, Kirill"]
[Result "0-1"]
[WhiteTitle "GM"]
[BlackTitle "GM"]
[WhiteElo "2573"]
[BlackElo "2592"]
[WhiteFideId "3518736"]
[BlackFideId "14129574"]
[EventDate "2020.09.09"]

1. e4 c5 2. Nf3 d6 3. d4 cxd4 4. Nxd4 Nf6 5. Nc3 a6 6. Bg5 Nbd7 7. Qe2 Qc7 8.
O-O-O e6 9. f4 b5 10. a3 Be7 11. g4 h6 12. Bh4 Bb7 13. Rg1 Rc8 14. Be1 g5 15. f5
e5 16. Nb3 Nc5 17. Nxc5 Qxc5 18. Bf2 Qc7 19. h4 Qa5 20. hxg5 hxg5 21. Be1 Qb6
22. Rg3 Rc4 23. Bg2 Rh2 24. Bf2 Qa5 25. Bg1 Rh4 26. Kb1 Rc8 27. Rdd3 b4 28. axb4
Qxb4 29. Rh3 Rxh3 30. Rxh3 Kd7 31. Rd3 a5 32. Qd1 a4 33. Na2 Qc4 34. Rc3 Qb5 35.
Rxc8 Kxc8 36. Nc3 Qc4 37. Bf1 Qb4 38. Bd3 a3 39. Qc1 Nxg4 40. Na2 Qxb2+ 41. Qxb2
axb2 42. Kxb2 Nf6 43. Nc3 Bd8 44. Be3 g4 45. Bg5 Nh5 46. Be3 Ba5 47. Ne2 Be1 48.
c4 Nf6 0-1

[Event "chess.com Junior Speed Q"]
[Site "chess.com INT"]
[Date "2020.09.09"]
[Round "1.7"]
[White "Shevchenko, Kirill"]
[Black "Albornoz Cabrera, Carlos Daniel"]
[Result "1-0"]
[WhiteTitle "GM"]
[BlackTitle "GM"]
[WhiteElo "2592"]
[BlackElo "2573"]
[WhiteFideId "14129574"]
[BlackFideId "3518736"]
[EventDate "2020.09.09"]

1. e4 c5 2. c3 Nf6 3. e5 Nd5 4. Bc4 Nb6 5. Bb3 d6 6. exd6 Qxd6 7. Na3 a6 8. Nf3
Nc6 9. O-O Bf5 10. d4 cxd4 11. Nxd4 Nxd4 12. cxd4 e6 13. Qf3 Qc6 14. Qg3 Bxa3
15. bxa3 O-O 16. Bd2 Rac8 17. h4 Qd7 18. h5 Nc4 19. Bb4 Rfd8 20. Rad1 a5 21. Bc3
b5 22. d5 e5 23. Bxc4 Rxc4 24. Bxe5 f6 25. Ba1 Bg4 26. f3 Bxh5 27. Bxf6 Bg6 28.
Be5 Re8 29. Rfe1 Rc2 30. d6 Qa7+ 31. Kh2 Qd7 32. Bf4 Rf8 33. Re7 Qf5 34. Be5 Rf7
35. d7 Rxe7 36. d8=Q+ Re8 37. Qd6 Re2 38. Bd4 Qh5+ 39. Qh3 1-0

[Event "chess.com Junior Speed Q"]
[Site "chess.com INT"]
[Date "2020.09.09"]
[Round "1.8"]
[White "Albornoz Cabrera, Carlos Daniel"]
[Black "Shevchenko, Kirill"]
[Result "0-1"]
[WhiteTitle "GM"]
[BlackTitle "GM"]
[WhiteElo "2573"]
[BlackElo "2592"]
[WhiteFideId "3518736"]
[BlackFideId "14129574"]
[EventDate "2020.09.09"]

1. e4 e5 2. Nf3 d6 3. d4 exd4 4. Nxd4 Nf6 5. Nc3 g6 6. Be2 Bg7 7. O-O O-O 8. f4
Re8 9. Bf3 Nbd7 10. Kh1 Nc5 11. Re1 c6 12. b3 h5 13. Bb2 Ng4 14. Qd2 Qh4 15. h3
Qf2 16. Rad1 Qg3 17. hxg4 hxg4 18. Re3 gxf3 19. Rxf3 Qh4+ 20. Kg1 Nxe4 21. Nxe4
Rxe4 22. Rdf1 Bg4 23. Re3 Rae8 24. Rxe4 Rxe4 25. c3 c5 26. Nf3 Bxf3 27. Rxf3 Qe7
28. Rf2 Qe6 29. c4 Re1+ 30. Kh2 Bxb2 31. Qxb2 Qe7 32. Qc3 Qh4+ 33. Qh3 Qxf2 0-1